Sports Quiz

Random Sports Quiz

Collingwood Magpies Team of the Century Quiz Stats

 Plays Quiz not verified by Sporcle

Challenge
Share
Tweet
Embed
Score 0/23 Timer 04:00
0 Plays Today
Position Player % Correct
Half BackNathan Buckley
83.3%
ForwardPeter Daicos
83.3%
BackSyd Coventry
80%
ForwardGordon Coventry
80%
InterchangeTony Shaw
70%
CoachJock McHale
66.7%
InterchangeGavin Brown
60%
CentreBob Rose
53.3%
RuckLen Thompson
53.3%
CentreDarren Millane
50%
Half BackAlbert Collier
43.3%
RuckHarry Collier
43.3%
Position Player % Correct
Half ForwardDick Lee
40%
InterchangeWayne Richardson
36.7%
BackJack Regan
33.3%
RuckDes Tuddenham
30%
ForwardPhonse Kyne
26.7%
Half BackBilly Picken
23.3%
Half ForwardDes Fothergill
23.3%
Half ForwardMurray Weideman
23.3%
CentreThorold Merrett
16.7%
BackHarold Rumney
13.3%
InterchangeMarcus Whelan
13.3%

You're not logged in!

Compare scores with friends on all Sporcle quizzes.
Join for Free
OR
Log In

You Might Also Like...

Show Comments

Extras

Top Quizzes Today


Score Distribution

Your Account Isn't Verified!

In order to create a playlist on Sporcle, you need to verify the email address you used during registration. Go to your Sporcle Settings to finish the process.

Report this User

Report this user for behavior that violates our Community Guidelines.

Details: